000 00818nam a2200229 a 4500
001 000042888
005 20201002040457.0
008 140212s1995 sp ac 000 0 spa d
020 _a8481350966
020 _a84-81350907
040 _aDO-SdBNP
_bspa
_cBNPHU
082 _axxx
_bxxx
100 1 _aRomán, Manuel,
_d1945-
_970327
245 1 4 _aLos cómicos :
_bvida y anécdota de los actores españoles más populares del siglo /
_cManuel Román.
260 _aBarcelona :
_bRoyal Books,
_c1995.
300 _av. :
_bil., retrs. ;
_c23 cm.
490 1 _a100 años de cine español --
500 _aEn cubierta: Crónica de los grandes actores españoles.
505 0 _aLas glorias nacionales --
_tEl drama lorquiano --
_gv. 1
500 _aLa biblioteca posee el v. 1.
830 0 _a100 años de cine español
_970328
999 _c42377
_d42377